| 000 | 00000nam 2200000za 4500 |
| 001 | 9.816995 |
| 003 | CaOODSP |
| 005 | 20221107142356 |
| 007 | cr ||||||||||| |
| 008 | 160505s2013 xxc |o f|0| 0 fre d |
| 040 | |aCaOODSP|bfre |
| 043 | |an-cn--- |
| 086 | 1 |aPE2-12/2013F-PDF |
| 110 | 1 |aCanada.|bTribunal de la protection des fonctionnaires divulgateurs Canada. |
| 245 | 10|aPolitique sur les ajournements |h[ressource électronique]. |
| 260 | |a[Ottawa] : |bTribunal de la protection des fonctionnaires divulgateurs Canada, |c2013. |
| 300 | |a8 p. |
| 500 | |aJuillet 2013. |
| 500 | |aPubli. aussi en anglais sous le titre : Adjournment policy. |
| 692 | 07|2gccst|aMéthodologie |
| 775 | 08|tAdjournment policy |w(CaOODSP)9.816986 |
| 856 | 40|qPDF|s380 Ko|uhttps://publications.gc.ca/collections/collection_2016/tpfdc-psdptc/PE2-12-2013-fra.pdf |